| 000 | 00817nam a22002417a 4500 | ||
|---|---|---|---|
| 005 | 20240530110351.0 | ||
| 008 | 141223s2009 ua g b||| 000 0 ara d | ||
| 017 |
_a2008/25617 _bمصر . دار الكتب المصرية |
||
| 020 | _a9771758886 | ||
| 040 | _aEG-CaGPL | ||
| 041 | 0 | _aara | |
| 082 | 0 | 4 |
_221 _a364.168\ _bخ ج |
| 100 | 0 | _aخالد ممدوح ابراهيم | |
| 245 | 1 | 2 |
_aالجرائم المعلوماتية / _cخالد ممدوح ابراهيم |
| 250 | _aط1 | ||
| 260 |
_aالاسكندرية : _bدار الفكر الجامعى ، _c2009 |
||
| 300 |
_a480 ص ؛ _c24 سم |
||
| 504 | _aببليوجرافية : ص 430 - 436 | ||
| 650 | 0 | 4 | _aالجرائم المعلوماتية |
| 650 | 0 | 4 | _aحق الملكية |
| 942 |
_2ddc _cBK |
||
| 999 |
_c60072 _d60072 |
||